| 000 | 00446nam a2200169Ia 4500 | ||
|---|---|---|---|
| 008 | 230711s9999||||xx |||||||||||||| ||und|| | ||
| 020 | _a978-1-85669-609-8 | ||
| 041 | _aENG | ||
| 082 |
_a720 _bSL-E |
||
| 100 | _aSlavid, Ruth | ||
| 245 | 0 | _aExtreme Architecture : building for challenging environments | |
| 250 | _a1st Ed. | ||
| 260 |
_c2009 _aLondon _bLaurence King Publication Ltd |
||
| 300 | _a208p. | ||
| 650 | _aArchitecture | ||
| 942 | _cBK | ||
| 999 |
_c5852 _d5852 |
||